| 000 | 02072nam a22002537a 4500 | ||
|---|---|---|---|
| 005 | 20250724145405.0 | ||
| 008 | 250724b |||||||| |||| 00| 0 eng d | ||
| 020 | _a9781433835674 | ||
| 040 | _cAL | ||
| 041 | _aeng | ||
| 082 |
_a001.4 _bJOSE |
||
| 100 |
_aRuthellen Josselson _9219952 |
||
| 245 | _aEssentials of narrative analysis | ||
| 260 |
_aWashington _bAmerican Psychological Association _c2021 |
||
| 300 |
_aviii,102p. _bPB _c23x15.5 |
||
| 365 |
_2Journalism _aIN-44853 _b₹2883.66 _c₹ _d₹2883.66 _e- _f30-06-2025 |
||
| 440 |
_aEssentials of qualitative methods series _9219953 |
||
| 520 | _aThe brief, practical texts in the Essentials of Qualitative Methods series introduce social science and psychology researchers to key approaches to qualitative methods, offering exciting opportunities to gather in-depth qualitative data and to develop rich and useful findings. In this book, Ruthellen Josselson and Phillip L. Hammack introduce readers to Narrative Analysis, a qualitative method that investigates how people make meaning of their lives and experiences in both social and cultural contexts. This method offers researchers a window into how individuals' stories are shaped by the categories they inhabit, such as gender, race, class, and sexual identity, and it preserves the voice of the individual through a close textual analysis of their storytelling. About the Essentials of Qualitative Methods book series: Even for experienced researchers, selecting and correctly applying the right method can be challenging. In this groundbreaking series, leading experts in qualitative methods provide clear, crisp, and comprehensive descriptions of their approach, including its methodological integrity, and its benefits and limitations. Each book includes numerous examples to enable readers to quickly and thoroughly grasp how to leverage these valuable methods. | ||
| 650 |
_aNarrative Enquiry _9219937 |
||
| 650 |
_aResearch Methodology _9219938 |
||
| 650 |
_aSocial Sciences _9219939 |
||
| 700 |
_aHammack, Philip L _9219944 |
||
| 942 |
_2ddc _cBK |
||
| 999 |
_c234671 _d234671 |
||